Statistics for Guess the country by the stereotypes!

Click here to take the quiz!

General Stats

  • This quiz has been taken 102 times
  • The average score is 14 of 15

Answer Stats

StereotypeAnswer% Correct
Everything is made hereChina
98%
People here only eat curry and chapatiIndia
98%
Lots of pyramids and camelsEgypt
97%
People here drinks lots of beerGermany
97%
Only luck, green and potatoesIreland
97%
People here only eat tacos and drink tequilaMexico
97%
VodkaRussia
97%
People here drink lots of teaUK
96%
People here only say g'day mateAustralia
90%
People here are loudUSA
88%
Beautiful blonde womenSweden
85%
Part of AustraliaNew Zealand
84%
People here are really politeCanada
82%
Chocolate and watchesSwitzerland
82%
People here are rude to everyoneFrance
77%

Score Distribution

Percentile by Number Answered

Percent of People with Each Score

Your Score History

You have not taken this quiz